The complete jewellery maker:packed with essential projects and techniques
Saved in:
| Main Author: | |
|---|---|
| Format: | Book |
| Published: |
A. & C. Black
|
| Tags: |
Add Tag
No Tags, Be the first to tag this record!
|
| LEADER | 00794cam a22001937a 4500 | ||
|---|---|---|---|
| 001 | (Sirsi) i9781408133996 | ||
| 005 | 20190330164449.0 | ||
| 008 | 190219n xx ||||||||||||||||| |d | ||
| 020 | |a 9781408133996 | ||
| 040 | |a SMLIBRARY |b eng |c SMLIBRARY |e AACR2 | ||
| 100 | |a McGrath,Jinks | ||
| 245 | 1 | |a The complete jewellery maker:packed with essential projects and techniques | |
| 260 | |b A. & C. Black | ||
| 901 | |a 739.27MCG |i TEMP002394 |m SMLIBRARY |l ADULT |t BOOK |p 108.31 |x ADULT |z ANFIC |u 22/11/2013 | ||
| 903 | |a SMLNEWITEM, SMLPOPULAR | ||
| 904 | |a 1 | ||
| 942 | |2 ddc |c BOOK | ||
| 952 | |0 0 |1 0 |2 ddc |4 0 |6 739_000000000000000_27MCG |7 0 |8 ADULT | ANFIC |9 39326 |a SMLIBRARY |b SMLIBRARY |c ADULT |d 2013-11-22 |g 108.31 |l 0 |o 739.27MCG |p BK10020511J |r 2019-03-30 00:00:00 |t 1 |v 108.31 |w 2019-06-25 |y ADULTBOOK | ||
| 999 | |c 33553 |d 33553 | ||